[Event "London Classic 7th"]
[Site "London"]
[Date "2015.12.05"]
[Round "2"]
[White "Giri, Anish"]
[Black "Adams, Michael"]
[Result "1/2-1/2"]
[WhiteElo "2784"]
[BlackElo "2737"]
[Annotator "Krasenkow,Michal"]
[PlyCount "52"]
[EventDate "2015.12.04"]
[EventType "tourn"]
[EventRounds "9"]
[EventCountry "ENG"]
[EventCategory "22"]
[SourceTitle "CBM 170"]
[Source "ChessBase"]
[SourceDate "2016.01.15"]
[SourceVersion "1"]
[SourceVersionDate "2016.01.15"]
[SourceQuality "1"]

1. d4 Nf6 2. c4 e6 3. Nc3 Bb4 4. Qc2 d5 5. a3 Bxc3+ 6. Qxc3 Ne4 7. Qc2 c5 8. dxc5 Nc6 9. Nf3 Qa5+ 10. Bd2 Qxc5 11. e3 Nxd2 12. Nxd2 {A quiet line, in which White hopes to get a tiny edge due to his better bishop. However, Black has enough time to solve that problem.} dxc4 {Other options:} (12... d4) (12... O-O) 13. Bxc4 (13. Qxc4 Qxc4 14. Nxc4 Ke7 15. Rc1 Bd7 16. Be2 Rac8 17. O-O Rhd8 $11 {1-0 (68) Medic,M (2250)-Randjelovic,D (2076) Zadar 2005}) (13. Nxc4 Ne5 $1 (13... O-O 14. Bd3 (14. b4 $5 Qg5 15. Bd3 Qxg2 16. Bxh7+ Kh8 17. Be4 Qh3 {1/2 (17) Johannessen,L (2531)-Riazantsev,A (2615) Evora 2007} 18. Rg1 $36) 14... h6 15. b4 (15. O-O Ne5 16. b4 Qc7 17. Nxe5 Qxe5 18. Rac1 Bd7 19. Qc7 Qd5 20. Bc4 Qc6 21. Be2 $14 {1-0 (31) Hjartarson,J (2590)-Sokolov,A (2595) Madrid 1988}) 15... Qg5 16. f4 Qf6 17. O-O Bd7 18. Rad1 Rad8 19. Be4 Ne7 20. Bxb7 Bb5 21. a4 Rb8 22. axb5 Rxb7 23. Nd6 $16 {1/2 (31) Irwanto,S (2362)-Zaw,W (2531) Surabaya 2002}) 14. b4 Qc7 15. Rc1 Bd7 16. Qd2 (16. Qb2 Rc8 17. f4 Ng6 18. Bd3 b5 $1 19. Qxg7 Ke7 $17 {0-1 (33) Gerenski,H (2284)-Kholmov,R (2427) Arco 2001}) 16... Nxc4 17. Bxc4 Qb6 18. O-O Rd8 19. Qc2 O-O 20. Rfd1 Bc6 $11 {1/2 (23) Mohota,N (2270)-Sachdev,T (2383) Chennai 2006}) 13... O-O (13... Ne5 {now fails due to} 14. Ne4 $1 Qb6 15. Bb5+ Ke7 (15... Bd7 16. Bxd7+ Nxd7 17. Rd1 $36) 16. Qa4 a5 17. Rd1 Rd8 18. Rxd8 Qxd8 19. O-O Bd7 20. Qd4 $16 {1-0 (34) Fridman,D (2637)-Pileckis,E (2443) Liverpool 2008}) 14. b4 {White must play energetically. Other moves seen in practice are rather harmless:} (14. O-O $143 Bd7 (14... Ne5 15. b4 Qc7 16. f4 Nxc4 17. Qxc4 Qe7 18. Qe4 a5 19. Nf3 axb4 20. axb4 Rxa1 21. Rxa1 h6 $11 {1/2 (43) Markos,J (2568)-Kuzubov,Y (2578) Polanica Zdroj 2008}) 15. Rac1 Rac8 16. Ne4 Qe7 17. Qc3 Nb8 18. Qe5 Bc6 19. Rfd1 {1/2 (19) Godat,T (2314)-Nikel,B (2314) Lechenicher SchachServer 2009}) (14. Rc1 Ne5 (14... Bd7 15. Nb3 Qe7 16. Bd3 h6 17. O-O Rac8 18. Qe2 Nb8 19. Bb1 e5 20. Qd3 g6 $11 {1/2 (38) Lahiri,A (2353)-Chiaretti,R (2209) Pardubice 2010}) (14... Rd8 15. O-O Qe7 {1/2 (15) Schlosser,P (2554)-Prusikin,M (2560) Fuegen 2006}) 15. O-O Bd7 16. b4 Qc7 17. Qb2 Nxc4 18. Rxc4 Qb6 19. Rd4 Bb5 20. Rc1 Rac8 $11 {1/2 (49) Shishkin,V (2498)-Korennoi,V (2223) Wroclaw 2009}) 14... Qe7 15. Bd3 $5 (15. O-O Rd8 16. Qb2 Bd7 17. Rac1 Be8 18. Be2 Rac8 19. Nb3 Nb8 (19... Rc7 $143 {0-1 (50) Ponomariov,R (2714)-Radjabov,T (2734) Beijing 2014} 20. b5 Nb8 21. Rxc7 Qxc7 22. Rc1 $14) 20. h3 Bc6 21. Nd4 Bd5 22. Rxc8 Rxc8 23. Rc1 Rxc1+ 24. Qxc1 Qd8 $11 {1-0 (49) Leitao,R (2626)-Mekhitarian,K (2487) Campinas 2011}) ({RR} 15. Be2 Bd7 16. O-O Rac8 17. Qb2 Rfd8 18. Rac1 Be8 19. Ne4 Nb8 20. Rxc8 Rxc8 21. Rd1 Ba4 22. Rd2 Bc6 23. Nd6 Rd8 24. Nc4 Bd5 25. Ne5 Nc6 26. Nxc6 Bxc6 27. Rd4 Qf6 28. Rxd8+ Qxd8 29. f3 Qd6 {Artemiev,V (2701)-Abdusattorov,N (2766) Shusha AZE 2024 ½-½ (41)}) 15... h6 16. Qc3 $5 {[%cal Yb4b5]} a6 $146 {This move weakens the b6-square but otherwise Black had problems successfully parrying b4-b5.} (16... Bd7 17. b5 Nd8 18. O-O $14) (16... f6 {seriously weakens his kingside}) (16... Rd8 17. Be4 $5 $36) ({RR} 16... Qf6 17. Qxf6 gxf6 18. O-O-O f5 19. Be2 e5 20. Nc4 Be6 21. Nd6 Rab8 22. Rd2 Rfd8 23. Kb2 Kf8 24. Rhd1 Ke7 25. Nc4 Rxd2+ 26. Rxd2 Rc8 27. Rc2 f6 28. Na5 Nxa5 29. Rxc8 Bxc8 30. bxa5 Kd6 31. Kc3 {Krush,I (2444)-Hou,Y (2658) Baku 2016 ½-½ (37)}) 17. O-O Bd7 18. Nc4 Rab8 19. Nb6 Rfd8 20. Rac1 (20. Nxd7 Rxd7 {is hardly enough for any advantage.}) (20. Rfd1 Be8 21. Rd2 Rd6 22. Rad1 Rbd8 23. h3 {was a way to hold the d-file but what to do next?}) 20... Be8 21. Be4 {This move allows a comfortable rearrangement of Black's pieces but his position was solid in any case:} (21. Rfd1 Rd6 {[%cal Yb8d8]} 22. Nc4 Rd7 23. Be4 Rxd1+ 24. Rxd1 Rd8 $11) 21... Na7 $1 {[%cal Ya7b5]} 22. a4 (22. Qc7 $2 Qxc7 23. Rxc7 Nb5) 22... Qd6 23. Nc4 Qe7 24. Nb6 Qd6 25. Nc4 Qe7 26. Nb6 Qd6 1/2-1/2

[Event "Candidates Tournament"]
[Site "Moscow"]
[Date "2016.03.19"]
[Round "7"]
[White "Giri, Anish"]
[Black "Anand, Viswanathan"]
[Result "1/2-1/2"]
[WhiteElo "2793"]
[BlackElo "2762"]
[Annotator "Sumets,Andrey"]
[PlyCount "61"]
[EventDate "2016.03.11"]
[EventType "tourn"]
[EventRounds "14"]
[EventCountry "RUS"]
[EventCategory "22"]
[SourceTitle "CBM 172"]
[Source "ChessBase"]
[SourceDate "2016.05.12"]
[SourceVersion "1"]
[SourceVersionDate "2016.05.12"]
[SourceQuality "1"]

1. d4 Nf6 2. c4 e6 3. Nf3 d5 4. Nc3 Nbd7 5. Qc2 {Is this going to become the main line? Up to the moment, 5.g5, 5.f4 and 5.cxd5 have been more popular.} Bb4 {This is a very rare line, that reminds one of the Ragozin Variation. Including c2 and ...b4 seems to be in White's favour, however Vishy has played it twice and he could be satisfied with the results of the openings.} (5... dxc4 6. e4 c5 7. dxc5 Bxc5 8. Bxc4 Qc7 9. Qe2 a6 10. O-O Bd6 (10... b5 11. Bd3 (11. Bb3 $1) 11... Bd6 12. Bg5 h6 13. Bh4 (13. Bxf6 gxf6 14. Rac1 Qb8 15. Rfd1 Ne5 16. g3 Bd7 $13) 13... g5 14. Bg3 Bxg3 15. hxg3 g4 16. Nh4 Bb7 $132 {Khismatullin,D (2674)-Shariyazdanov,A (2572) 1-0 (35)Khanty-Mansiysk 2013}) 11. Bb3 O-O 12. Rd1 Ne5 13. Nd4 Bd7 14. Bf4 Rad8 15. Bg3 $14 {Bukavshin,I (2657)-Khismatullin,D (2654) 1-0 (35) Khanty-Mansiysk RUS 2015}) (5... c6 {leads to the Slav Defence.}) (5... Be7 6. cxd5 exd5 7. Bf4 c6 {leads to the Queen's Gambit Declined. Thanks to his bishop on f4, White can get an extra tempo. I consider this line in White's favour.}) 6. a3 (6. cxd5 exd5 7. a3 (7. Bg5 c6 8. e3 O-O 9. Bd3 h6 10. Bh4 Be7 {It seems that White is doing well. He has an extra tempo compared with theoretical lines.} 11. O-O ({I think that White should have tried} 11. h3 {or even 11.0-0-0}) 11... Re8 12. Rab1 a5 13. a3 Ne4 14. Bxe7 Qxe7 15. b4 axb4 16. axb4 b5 17. Bxe4 (17. Ra1 $5 Rxa1 18. Rxa1 Nd6 19. h3 {White is slightly better}) 17... dxe4 18. Nd2 Nf6 19. Rfc1 Bd7 20. Nb3 Qxb4 21. Nc5 Qa5 22. N3xe4 Nxe4 23. Nxe4 Qa2 24. Rb2 Qd5 25. Nc5 Bf5 26. Qc3 Qd6 27. f3 Be6 28. Ne4 {Four years later Alexander Beliavsky tried to find an improvement but he didn't succeed.} (28. Rbb1 Ra2 29. Ra1 Rea8 30. Ne4 Qa3 31. Rxa2 Qxa2 32. h4 Ra3 33. Qe1 Qb2 34. Kh2 Bd5 $17 {Beliavsky,A (2626)-Koneru,H (2537) 1/2 (60) Wijk aan Zee 2006}) 28... Qe7 29. Ng3 Ra3 30. Qe1 Bc4 31. e4 Qa7 32. Rd2 Rd8 33. Nf5 Be6 $15 {Sasikiran,K (2650)-Koneru,H (2473) 1/2 (45)Torquay 2002}) 7... Bxc3+ 8. Qxc3 Ne4 9. Qc2 O-O 10. e3 (10. Bf4 {looks a bit dangerous for White:} c5) 10... Re8 11. b3 c6 12. Bd3 Nf8 {Black's light-squared bishop is heading to f5 and we can state that Black has got a comfortable position.} 13. Bb2 Bf5 14. O-O Qf6 $1 15. Ne5 Nd6 16. Rae1 Bxd3 17. Nxd3 (17. Qxd3 Qe6 18. f3 f6 19. Ng4 Ng6 $11) 17... Qg6 18. f3 f6 19. a4 Ne6 20. Qd2 h5 21. Ba3 Nf5 $15 {Topalov,V (2780)-Anand,V (2762) 1/2 (51) Moscow RUS 2016}) (6. Bg5 c5 (6... h6 7. Bxf6 Bxc3+ (7... Nxf6 $4 8. Qa4+ $18) 8. Qxc3 Nxf6 9. e3 $14) 7. cxd5 exd5 8. a3 Bxc3+ 9. Qxc3 O-O 10. Nd2 h6 11. Bf4 Nb6 $2 (11... c4 12. b3 b5 13. a4 Ba6 14. axb5 Bxb5 15. e3 Nb6 16. Be2 Qd7 (16... a6 17. O-O Rc8 $13) 17. Be5 Ng4 18. Bg3 Rfc8 19. bxc4 $6 (19. Qa5 $1 Nf6 20. O-O Qc6 21. Rfb1 $16) 19... dxc4 $2 (19... Nxc4 20. Nxc4 Bxc4 21. Bxc4 Rxc4 22. Qa5 Nf6 23. O-O Ne4 $11) 20. O-O $16 {Dreev,A (2682)-Milov,V (2632) 1-0 (69)playchess.com INT 2004}) (11... b6 $5 12. e3 cxd4 13. Qxd4 Nc5 14. Be5 Ne6 15. Qh4 Nd7 16. Qxd8 Rxd8 17. Bc3 Ndc5 {Black is OK.}) 12. a4 $2 (12. dxc5 $1 d4 13. Qd3 Nbd5 14. Bd6 Re8 15. Qxd4 Ne7 16. g4 $1 b6 17. Rg1 $16) 12... Bg4 13. e3 c4 $6 (13... Ne4 $1 14. Nxe4 dxe4 15. dxc5 (15. Qxc5 Rc8 16. Qd6 Nd5 17. Qxd8 Rfxd8 18. Bg3 Nb4 $17) 15... Nd5 16. Qd2 Nxf4 17. exf4 Qc7 18. Bc4 Rfd8 19. Qc3 Rac8 20. O-O (20. b4 a5 21. O-O axb4 22. Qxb4 Qxc5 $11) 20... Qxc5 $11) 14. a5 (14. h3 Bh5 15. a5 Nbd7 16. b3 $14) 14... Nbd7 15. f3 Bf5 16. Be2 Re8 17. g4 Bh7 18. O-O Qe7 $132 {(35) Sachdev,T (2422)-Bakre,T (2452) 0-1 Pune 2014}) 6... Bxc3+ 7. Qxc3 O-O ({Black can't get an equal position after} 7... Ne4 8. Qc2 O-O 9. g3 {(e3 and d3 would look natural)} c6 (9... b6 10. Bg2 Bb7 11. cxd5 exd5 12. O-O $14) 10. Bg2 f5 11. O-O Qe7 12. b3 Kh8 13. a4 Qf6 14. Bf4 $16 {Jussupow,A (2555)-Handoko,E (2420)1-0 (41) Indonesia 1983}) 8. Bg5 h6 ({RR} 8... b6 9. cxd5 exd5 10. e3 c5 11. Bb5 h6 12. Bh4 a5 13. Bc6 Ra7 14. dxc5 bxc5 15. Bxd7 Rxd7 16. Qxc5 Ba6 17. Qd4 g5 18. Bg3 Ne4 19. Rc1 Qa8 20. Qd1 Rc8 21. Nd4 Nc5 22. Rc2 a4 23. Kd2 {Abdusattorov,N (2767)-Gukesh,D (2776) Zagreb CRO 2025 0-1}) 9. Bh4 c5 ({RR} 9... g5 10. Bg3 Ne4 11. Qc2 f5 12. cxd5 c5 13. dxe6 Ndf6 14. e3 Bxe6 15. Bc4 Bxc4 16. Qxc4+ Kh7 17. dxc5 Rc8 18. b4 b6 19. Rd1 Qe8 20. O-O bxc5 21. b5 Ng4 22. Rfe1 Rf7 23. a4 Re7 24. a5 {Rasulov,V (2505)-Sydykov,B (2272) chess.com INT 2025 1-0 (31)}) 10. e3 cxd4 $146 (10... b6 11. cxd5 exd5 12. Nd2 Qe7 13. Rc1 {It is not easy to evaluate a computer game but I would recommend b5:} (13. Bb5 Qe6 14. O-O a6 15. Be2 Bb7 16. dxc5 bxc5 17. Bxf6 Qxf6 18. Qxf6 Nxf6 19. Rfc1 $14) 13... Qe6 14. Bd3 g5 15. Bg3 Nh5 16. O-O Nxg3 17. hxg3 c4 18. Be2 Nf6 $13 {Rajlich (2600)-New Man (2618) 1/2 (87) playchess.com INT 2007}) ({RR} 10... b6 11. cxd5 exd5 12. Bd3 Bb7 13. dxc5 bxc5 14. O-O Qb6 15. Rfd1 Rfe8 16. Bf5 Ne4 17. Qc2 Ndf6 18. Rac1 g6 19. Bxe4 Nxe4 20. Nd2 Rac8 21. Nxe4 Rxe4 22. Bg3 Qc6 23. f3 Re6 24. Bf2 Qb5 25. a4 {Kuzubov,Y (2655)-Kravtsiv,M (2644) Kiev 2018 ½-½ (78)}) ({RR} 10... b6 11. cxd5 exd5 12. Nd2 Qe7 13. Rc1 Qe6 14. Bd3 g5 15. Bg3 Nh5 16. O-O Nxg3 17. hxg3 c4 18. Be2 Nf6 19. b3 b5 20. a4 a6 21. bxc4 dxc4 22. Qb2 Bd7 23. e4 Nxe4 24. Nxe4 Qxe4 25. Bf3 {Rajlich (2600)-New Man (2618) Playchess.com INT 2007 ½-½ (87)}) 11. Qxd4 Re8 12. Bxf6 $11 {Anish didn't want to check Anand's preparation after 12.cxd5 e5 and went for a dull, drawish endgame. In fact he proposed a draw after 12.xf6.} (12. cxd5 e5 $1 {If Black doesn't want to play a worse position, this is the only choice. White can choose between 13.c3, 13.d2, 13.d1 and 13.xf6. The resulting positions are very complicated. I believe that White has better chances and Black's strategy is risky.} ({Black shouldn't play} 12... Qa5+ $6 13. b4 Qxd5 {White has many pleasant options. For instance} 14. Be2 e5 15. Qb2 Ne4 16. O-O Nb6 17. Rfd1 $14) (12... exd5 $6 13. Bd3 $16) 13. Bxf6 (13. Qc3 Nxd5 14. Bxd8 Nxc3 15. bxc3 (15. Bc7 Nd5 16. Rc1 Nxc7 17. Rxc7 {It seems that White has an advantage but everything isn't so easy.} Nb6 $1 18. Bb5 Rd8 19. Ke2 Bf5 (19... Be6 $5 20. Rxb7 Nc4 21. Rc7 $6 (21. Ba6 $6 e4 22. Nd4 Bg4+ 23. f3 exf3+ 24. gxf3 Bc8 $17) (21. Ba4 Nb6 22. Bb5 (22. Bd1 Bc4+ 23. Ke1 Rac8 24. Nxe5 Ba6 25. Rxa7 Rc1 $17) 22... Nc4 $11) 21... Rab8 $1 22. Bxc4 Rxb2+ 23. Kf1 Rc2 24. Bxe6 Rxc7 $17) 20. Rhc1 Rd5 (20... Nd5 21. R7c5 b6 22. R5c4 f6 23. Bc6 Ne7 24. Bxa8 Bd3+ 25. Ke1 Bxc4 26. Rxc4 Rxa8 27. Rc7 $14) 21. R1c5 Rxc5 22. Rxc5 f6 $11) (15. Bh4 Ne4 16. Rd1 a6 17. Bd3 Ndc5 $11) 15... Rxd8 16. Rd1 Rf8 $8 17. Bb5 Nc5 18. Nxe5 Be6 19. O-O Rac8 $44) (13. Qd2 g5 14. Bg3 g4 15. Nh4 Ne4 16. Qc2 Ndf6 {The position which has arisen is very complicated. White can try 17.d3 or 17.c4:} 17. Bd3 (17. Bc4 b5 (17... Qd6 $5 18. O-O Bd7 19. Rad1 Rac8 $44 {Due to White's knight on h4, Black has compensation for the pawn}) 18. Bd3 Qxd5 19. O-O Be6 20. Rfd1 Rac8 21. Qe2 Qc5 22. Bxb5 Red8 $44) 17... Qxd5 18. f3 (18. Rd1 Be6 19. O-O Rac8 20. Qb1 $13) 18... Nxg3 19. Bc4 Qxc4 $8 20. Qxc4 Nxh1 21. Kf1 Be6 22. Qe2 e4 23. Kg1 exf3 24. gxf3 Bd5 25. Kxh1 Re5 $44) (13. Qd1 {I think White should choose between 13.d1 and 13.xf6 xf6 14.b4.} Qa5+ (13... Qb6 $5 14. Qd2 Nc5 15. Bc4 Nfe4 16. Qb4 Nd6 17. Qxb6 axb6 18. Be2 Bf5 19. O-O Nb3 20. Rae1 Be4 $44) 14. Qd2 $1 (14. b4 Qxd5 15. Qc2 (15. Qxd5 $6 Nxd5 16. Nd2 N7b6 17. Rc1 Be6 18. Ne4 Rec8 $15 {White can't finish his development}) 15... Qe4 16. Rc1 (16. Bd3 $6 Qg4 {White is in trouble.}) 16... Qxc2 17. Rxc2 a5 $132) 14... Qxd2+ 15. Nxd2 Nxd5 16. Rc1 N7b6 17. Ne4 f6 18. Nc5 Re7 19. Bd3 Rc7 20. Ke2 $14) 13... Qxf6 14. Qb4 $5 {White is intending to play e4} (14. Qc3 Qg6 15. h4 $5 {The h-pawn can help White to finish his development.} (15. Nd2 Nf6 16. d6 Bd7 17. Rd1 Rac8 18. Qd3 e4 19. Qd4 Rc2 $44) 15... e4 16. h5 Qf5 17. Nd4 Qg5 (17... Qxd5 $4 18. Nb5 $18) 18. d6 Ne5 $5 (18... Nf6 19. Qb3 Qa5+ (19... Bg4 $6 20. Qb5 Qxb5 21. Nxb5 Rad8 22. Nxa7 Rxd6 23. Nb5 Rc6 24. Nd4 Rb6 25. b4 Bxh5 26. b5 $16) 20. Qb4 Qxb4+ 21. axb4 Rd8 22. Nb5 a6 23. Rh4 Bg4 24. Nc3 Bxh5 25. Nxe4 Nxe4 26. Rxh5 Rxd6 27. Re5 $14) 19. Bb5 Rd8 (19... Qxg2 $6 20. O-O-O Bg4 (20... Rd8 $2 21. Rdg1 Qxf2 22. Ne6 $1 Bxe6 23. Qxe5 $18) 21. Rdg1 Qxf2 22. Bxe8 $16) 20. Qc2 Qxg2 21. O-O-O Bh3 $1 22. Rhg1 Rac8 23. Rxg2 Rxc2+ 24. Kxc2 Bxg2 25. Nf5 Bf3 26. Rd5 f6 27. Nd4 Bg4 $11) 14... Qg6 15. Nd2 Nb6 (15... Nf6 16. e4 Bd7 17. g3 $16) (15... e4 16. g3 Nb6 17. d6 Bd7 18. Nc4 $16) 16. e4 f5 17. Bb5 Qxg2 18. O-O-O Bd7 19. Bxd7 Nxd7 20. f3 $14) 12... Nxf6 13. cxd5 Nxd5 {It seems to me this continuation is a little bit stronger than 13...d5 but I don't think that Vishy would lose the position after} (13... Qxd5 14. Qxd5 Nxd5 15. Bb5 Re7 $11) 14. Be2 Nf6 (14... e5 $5 15. Qc5 (15. Nxe5 Qa5+ 16. b4 (16. Kf1 Nxe3+ 17. fxe3 Rxe5 18. Kf2 Bf5 $15) 16... Nxe3 $1 17. fxe3 (17. Qxe3 Qxe5 18. Qxe5 Rxe5 19. f3 Be6 20. Kf2 $11) 17... Qxe5 18. Qxe5 Rxe5 19. Kf2 $11) 15... e4 16. Rd1 Be6 17. Nd4 Qg5 18. g3 Bh3 {seems to be good for Black.}) 15. Qxd8 {Other continuations don't promise any advantage to White.} (15. O-O Qxd4 16. Nxd4 Bd7 17. Rac1 e5 18. Nf3 Bc6 $11) (15. Qe5 Bd7 16. O-O Qb6 17. Rac1 Rac8 $11) (15. Qb4 Nd5 16. Qd2 b6 (16... Nf6 $11) 17. O-O Bb7 18. Rac1 Qe7 $11) 15... Rxd8 16. O-O {White can't finish his development with the king in the centre.} Bd7 17. Rfc1 Rac8 18. Kf1 Kf8 19. Ke1 Ke7 $11 20. Ne5 Rxc1+ {It's time to trade rooks.} 21. Rxc1 Rc8 22. Rxc8 Bxc8 {Now it's time to offer a draw.} 23. f4 Nd7 24. Nxd7 Bxd7 25. Kd2 Kd6 26. Kc3 e5 27. g3 b6 28. Bc4 f6 29. b4 g5 30. h4 gxh4 31. gxh4 1/2-1/2

[Event "Bundesliga 1314"]
[Site "Germany"]
[Date "2014.02.09"]
[Round "8.1"]
[White "Giri, Anish"]
[Black "Belezky, Alexander"]
[Result "1-0"]
[WhiteElo "2749"]
[BlackElo "2455"]
[PlyCount "75"]
[EventDate "2013.10.12"]
[EventType "team-tourn"]
[EventRounds "15"]
[EventCountry "GER"]
[SourceTitle "CBM 159"]
[Source "ChessBase"]
[SourceDate "2014.03.17"]
[SourceVersion "1"]
[SourceVersionDate "2014.03.17"]
[SourceQuality "1"]
[WhiteTeam "Emsdetten"]
[BlackTeam "Bayern Muenchen"]
[WhiteTeamCountry "GER"]
[BlackTeamCountry "GER"]

1. d4 Nf6 2. c4 e6 3. Nc3 Bb4 4. Qc2 Nc6 5. Nf3 d6 6. Bd2 O-O 7. a3 Bxc3 8. Bxc3 Qe7 9. e4 e5 10. d5 Nb8 11. Be2 Nh5 12. Nxe5 Nf6 13. Nf3 Nxe4 14. O-O Nxc3 15. Qxc3 Nd7 $146 ({RR} 15... Bg4 16. Rfe1 Nd7 17. Bd3 Qf6 18. Qxf6 Nxf6 19. Nd4 Rfe8 20. f3 Bd7 21. Kf2 Kf8 22. Bf5 Bxf5 23. Nxf5 Nd7 24. Rxe8+ Rxe8 25. Rc1 Nc5 26. Rc3 a5 27. b4 Na4 28. Rc2 g6 29. Ne3 Ra8 30. c5 {Humeau,C (2279)-Massoni,M (2360) Bastia 2012 ½-½ (48)}) ({RR} 15... Bg4 16. Rfe1 Nd7 17. Nd4 Bxe2 18. Rxe2 Qf6 19. Rae1 Rfd8 20. Qd2 a6 21. Re4 Ne5 22. Qe2 h6 23. b3 Rac8 24. Qh5 Nd3 25. Rf1 Re8 26. Qe2 Rxe4 27. Qxe4 Nc5 28. Qe3 Qe5 29. Qxe5 dxe5 30. Nf5 {Meyer,B (1983)-Von Herman,B (2073) Germany 2015 ½-½}) 16. Nd4 Nf6 17. Rfe1 Bd7 18. Bf3 Qd8 19. Ne6 fxe6 20. dxe6 Bxe6 21. Rxe6 Rb8 22. Rae1 Rf7 23. h4 Kh8 24. h5 h6 25. Bd1 Ng8 26. Bc2 Qh4 27. g3 Qg4 28. Qd3 Nf6 29. Re8+ Rf8 30. R8e7 Rbc8 31. R1e6 Kg8 32. Kg2 Rf7 33. Rxf6 Rxf6 34. f3 Qg5 35. Qh7+ Kf8 36. Rd7 Ke8 37. Rxg7 Qd2+ 38. Kh3 1-0

[Event "Tata Steel 83rd"]
[Site "Wijk aan Zee"]
[Date "2021.01.18"]
[Round "3"]
[White "Giri, Anish"]
[Black "Donchenko, Alexander"]
[Result "1/2-1/2"]
[WhiteElo "2764"]
[BlackElo "2668"]
[PlyCount "84"]
[EventDate "2021.01.16"]
[EventType "tourn"]
[EventRounds "13"]
[EventCountry "NED"]
[EventCategory "19"]
[SourceTitle "CBM 200"]
[Source "ChessBase"]
[SourceDate "2021.02.01"]
[SourceVersion "1"]
[SourceVersionDate "2021.02.01"]
[SourceQuality "1"]

1. d4 Nf6 2. c4 e6 3. Nc3 Bb4 4. Nf3 O-O 5. Bd2 b6 6. e3 Bxc3 7. Bxc3 Ne4 8. Rc1 Bb7 9. Bd3 d6 10. O-O Nxc3 11. Rxc3 Nd7 12. d5 e5 13. e4 a5 14. Bc2 Nc5 15. g3 $146 ({RR} 15. Qd2 Bc8 16. Qe3 Bg4 17. Nd2 Bd7 18. g3 Qe7 19. Kg2 c6 20. dxc6 Bxc6 21. f3 Qb7 22. b3 Ne6 23. a4 g6 24. Rd3 Nc5 25. Rc3 Kh8 26. Qh6 Qe7 27. h4 f5 28. Qg5 Rf6 {0-1 (28) Reich,T (2373)-Istratescu,A (2583) Aschach 2017}) 15... c6 16. dxc6 Bxc6 17. Qe2 Qe7 18. Qe3 g6 19. Re1 Rae8 20. b3 Kh8 21. Nh4 Rb8 22. a3 Ne6 23. b4 axb4 24. axb4 Nd4 25. Bd1 Ba8 26. Nf3 Ne6 27. Ra3 f5 28. exf5 Rxf5 29. Nd2 Rf7 30. f4 Nd4 31. fxe5 dxe5 32. Qxe5+ Qxe5 33. Rxe5 Nc6 34. Re1 Nxb4 35. Nf3 Bxf3 36. Rxf3 Rxf3 37. Bxf3 b5 38. cxb5 Rxb5 39. Rb1 Rb8 40. Rd1 Rf8 41. Be4 Na6 42. Rc1 Rf7 1/2-1/2

[Event "Meltwater Tour Final 2022"]
[Site "chess24.com INT"]
[Date "2022.11.16"]
[Round "3.2"]
[White "Giri, A.."]
[Black "Duda, J.."]
[Result "1/2-1/2"]
[WhiteElo "2764"]
[BlackElo "2731"]
[PlyCount "115"]
[EventDate "2022.11.14"]

1. d4 Nf6 2. c4 e6 3. Nc3 Bb4 4. e3 c5 5. Nge2 d5 6. a3 Ba5 7. dxc5 dxc4 8. Bd2 O-O 9. Ng3 b6 10. Bxc4 bxc5 11. O-O Nbd7 12. Qc2 Bb7 13. Rfd1 h5 14. Nge4 $146 ({RR} 14. h3 h4 15. Nge4 Nxe4 16. Nxe4 Bxe4 17. Qxe4 Nf6 18. Qc2 Qb6 19. Qa4 Bxd2 20. Rxd2 Rad8 21. Rc2 Qb7 22. Be2 Qe4 23. Rc4 Qf5 24. Rac1 Rd2 25. Rxc5 e5 26. R5c2 Rfd8 27. Qa5 Ne4 28. Bf3 R8d6 {Abdusattorov,N (2762)-So,W (2751) Saint Louis USA 2024 1-0 (38)}) 14... Rb8 15. Rab1 Qc7 16. Ng5 Ba8 17. Bf1 c4 18. Ne2 Rb5 19. Bxa5 Rxa5 20. h4 Rc8 21. Nf4 Nf8 22. Rbc1 Rc5 23. Rd4 c3 24. b4 e5 25. bxc5 exd4 26. Bc4 dxe3 27. fxe3 Qxc5 28. Qxc3 Nd5 29. Bxd5 Qxc3 30. Rxc3 Rxc3 31. Bxa8 Rxe3 32. a4 Nh7 33. Nxh7 Kxh7 34. Nxh5 Kg6 35. g4 Rb3 36. Nf4+ Kh7 37. Be4+ Kg8 38. Kf2 Rb4 39. Ke3 Rxa4 40. Bd5 a5 41. g5 Kf8 42. h5 Ra1 43. g6 fxg6 44. hxg6 Ke7 45. Nh5 Kf8 46. Nf4 Ke7 47. Nh5 Re1+ 48. Kd4 a4 49. Nxg7 Kf6 50. Nh5+ Kxg6 51. Nf4+ Kf5 52. Nd3 Rd1 53. Kc3 a3 54. Ba2 Rxd3+ 55. Kxd3 Ke5 56. Kc3 Kd6 57. Kb3 Kc7 58. Kxa3 1/2-1/2

[Event "GCT Warsaw 2024"]
[Site "Warsaw, Poland"]
[Date "2024.05.08"]
[Round "2.4"]
[White "Giri, Anish"]
[Black "Erigaisi Arjun"]
[Result "1/2-1/2"]
[WhiteElo "2687"]
[BlackElo "2671"]
[PlyCount "113"]
[EventDate "2024.??.??"]

1. c4 e6 2. Nc3 Nf6 3. d4 Bb4 4. e3 O-O 5. Bd2 b6 6. Bd3 d5 7. cxd5 exd5 8. Rc1 c5 9. Nge2 Ba6 10. Bxa6 Nxa6 11. Qa4 Nc7 12. dxc5 bxc5 $146 ({RR} 12... Bxc5 13. b4 Bd6 14. Nd4 Qe8 15. Qb3 Be5 {½-½ (15) Somorai,Z (2079)-Mizik,T (2073) Hungary 2013}) 13. O-O Ne6 14. Rfd1 Re8 15. a3 Bxc3 16. Bxc3 Ne4 17. Qc6 Nxc3 18. bxc3 Qa5 19. Ra1 Nc7 20. Nf4 Rac8 21. Nxd5 Nxd5 22. Qxd5 Qxc3 23. Rdc1 Qa5 24. Ra2 Red8 25. Qc4 Rd2 26. Rxd2 Qxd2 27. g3 g6 28. Kg2 Qd7 29. h4 h5 30. e4 Re8 31. Qd5 Qxd5 32. exd5 Rc8 33. d6 Kg7 34. d7 Rd8 35. Rxc5 Rxd7 36. Ra5 Rc7 37. Ra6 Rb7 38. a4 Re7 39. a5 Kf8 40. Kf3 Kg7 41. Kf4 Kf8 42. f3 Kg7 43. g4 hxg4 44. fxg4 Rb7 45. h5 f6 46. g5 fxg5+ 47. Kxg5 gxh5 48. Kxh5 Kf7 49. Kg4 Ke8 50. Kf5 Kd7 51. Ke4 Kc7 52. Kd4 Rb5 53. Rxa7+ Kb8 54. Ra6 Kb7 55. Rb6+ Rxb6 56. axb6 Kxb6 57. Ke4 $146 1/2-1/2